The World Ahead (Record no. 9589)

000 -LEADER
fixed length control field 00478nam a2200145 4500
008 - FIXED-LENGTH DATA ELEMENTS--GENERAL INFORMATION
fixed length control field 151029b xxu||||| |||| 00| 0 eng d
020 ## - INTERNATIONAL STANDARD BOOK NUMBER
International Standard Book Number 0663393574
050 ## - LIBRARY OF CONGRESS CALL NUMBER
Classification number PE 1121 .C59 1985
100 ## - MAIN ENTRY--PERSONAL NAME
Personal name Clymer, Theodore
Dates associated with a name 1985
245 ## - TITLE STATEMENT
Title The World Ahead
Statement of responsibility, etc. Theodore Clymer, Roselmina Indrisano and Dale D. Johnson
260 ## - PUBLICATION, DISTRIBUTION, ETC. (IMPRINT)
Place of publication, distribution, etc. Massachusetts:
Name of publisher, distributor, etc. Ginn and Company,
Date of publication, distribution, etc. 1985.
300 ## - PHYSICAL DESCRIPTION
Extent 608p.: ill.
650 ## - SUBJECT ADDED ENTRY--TOPICAL TERM
Topical term or geographic name as entry element English Fiction
942 ## - ADDED ENTRY ELEMENTS (KOHA)
Source of classification or shelving scheme
Koha item type Hard Covered Materials
Classification part PE 1121 .C59 1985
Holdings
Withdrawn status Lost status Source of classification or shelving scheme Damaged status Not for loan Home library Current library Date acquired Source of acquisition Total Checkouts Full call number Barcode Date last seen Price effective from Koha item type
          MACHAKOS UNIVERSITY LIBRARY MACHAKOS UNIVERSITY LIBRARY 29/10/2015 Donation [B.F.A]   PE 1121 .C59 1985 17709 29/10/2015 29/10/2015 Hard Covered Materials
© Machakos University Library, Along The Highway, Machakos Wote Rd, Machakos, Kenya P.O. Box 136 - 90100 Machakos - Kenya

Tel: ( +254 ) 723 805829 OR Fax : 044-20353 OR Email: library@mksu.ac.ke